| 000 | 01300cam a2200349 a 4500 | ||
|---|---|---|---|
| 001 | 2558511 | ||
| 003 | OSt | ||
| 005 | 20180116192408.0 | ||
| 008 | 950607s1995 nyua | b 001 0 eng | ||
| 010 | _a 95000641 | ||
| 020 | _a0340573244 (pbk.) | ||
| 020 | _a9780340573242 | ||
| 040 |
_aDLC _cDLC _dDLC |
||
| 050 | 0 | 0 |
_aNA2700 _b.R44 1996 |
| 082 | 0 | 0 |
_a720.284 _24th |
| 100 | 1 |
_aReekie, Fraser. _91069 |
|
| 245 | 1 | 0 |
_aReekie's architectural drawing / _cFraser Reekie. |
| 246 | 3 | 0 | _aArchitectural drawing |
| 250 |
_a4th ed. / _brevised by Tony McCarthy. |
||
| 260 |
_aBoston : _bElsevier Architectural Press, _c1995. |
||
| 300 |
_axi, 249 p. : _bill. ; _c24 cm. |
||
| 500 | _aUpdated ed. of: Draughtmanship. 3rd ed. 1976. | ||
| 504 | _aIncludes bibliographical references (p. [240]-241) and index. | ||
| 650 | 0 |
_aArchitectural drawing. _91070 |
|
| 700 | 1 |
_aMcCarthy, Tony _q(Tony K.) _91071 |
|
| 700 | 1 |
_aReekie, Fraser. _tDraughtmanship. _91072 |
|
| 906 |
_a7 _bcbc _corignew _d1 _eocip _f19 _gy-gencatlg |
||
| 942 |
_2ddc _cBK |
||
| 999 |
_c353464 _d353464 |
||